វេយ្យាករណ៏ខ្មែរនិងបំណិនផ្សេងៗ​ : (Record no. 6125)

MARC details
000 -LEADER
fixed length control field 01578nam a22002657a 4500
001 - CONTROL NUMBER
control field 6125
003 - CONTROL NUMBER IDENTIFIER
control field FISKH
005 - DATE AND TIME OF LATEST TRANSACTION
control field 20250520162707.0
008 - FIXED-LENGTH DATA ELEMENTS--GENERAL INFORMATION
fixed length control field 250317b cb ||||| |||| 00| 0 eng d
020 ## - INTERNATIONAL STANDARD BOOK NUMBER
International Standard Book Number 9789996333415
040 ## - CATALOGING SOURCE
Original cataloging agency FISKH
Language of cataloging Khmer
Transcribing agency FISKH
Modifying agency FISKH
050 ## - LIBRARY OF CONGRESS CALL NUMBER
Classification number PZ7
082 ## - DEWEY DECIMAL CLASSIFICATION NUMBER
Classification number 800
100 ## - MAIN ENTRY--PERSONAL NAME
Personal name Sokheng, Kong
245 ## - TITLE STATEMENT
Title វេយ្យាករណ៏ខ្មែរនិងបំណិនផ្សេងៗ​ :
Remainder of title សម្រាប់ថ្នាក់មធ្យមសិក្សាចំណេះទូទៅ : ស្របតាមកម្មវិធីសិក្សា​របស់ក្រសួងអប់រំ យុវជន និងកីឡា​ /
Statement of responsibility, etc. រៀបរៀងនិងចងក្រងដោយ គង់​ សុខហេង
250 ## - EDITION STATEMENT
Edition statement កំណែប្រែនិងបោះពុម្ពលេីកទី​៦
260 ## - PUBLICATION, DISTRIBUTION, ETC.
Place of publication, distribution, etc. Phnom Penh :
Name of publisher, distributor, etc. Pai Net Publishing ;
Date of publication, distribution, etc. 2017.
300 ## - PHYSICAL DESCRIPTION
Extent 350 pages :
Other physical details color illustrations ;
Dimensions 20 cm .
520 ## - SUMMARY, ETC.
Summary, etc. ជា​ជំនួយដល់សិស្សមធ្យមសិក្សា​ងាយស្រួលក្នុងការសិក្សាវេយ្យាករណ៏ខ្មែរអោយកាន់តែច្បាស់លាស់ថែមទៀត​ ។
520 ## - SUMMARY, ETC.
Summary, etc. To help secondary school students easily study Khmer grammar more clearly.
650 ## - SUBJECT ADDED ENTRY--TOPICAL TERM
Topical term or geographic name entry element វេយ្យាករណ៏ខ្មែរនិងបំណិនផ្សេងៗ
650 ## - SUBJECT ADDED ENTRY--TOPICAL TERM
Topical term or geographic name entry element Khmer grammar and other skills
942 ## - ADDED ENTRY ELEMENTS (KOHA)
Source of classification or shelving scheme Dewey Decimal Classification
Koha item type Books
Suppress in OPAC No
Holdings
Withdrawn status Lost status Source of classification or shelving scheme Damaged status Not for loan Collection Home library Current library Shelving location Date acquired Total Checkouts Full call number Barcode Date last seen Copy number Price effective from Koha item type
    Dewey Decimal Classification     Khmer Language Books / សៀវភៅភាសាខ្មែរ Footprints International School Library Network Toul Tom Poung Campus Footprints International School Library Network Toul Tom Poung Campus TTP Secondary Khmer Bookshelves 03/17/2025   SOK PZ7 200 FISSE01519 03/17/2025 1 03/17/2025 Books
    Dewey Decimal Classification     Khmer Language Books / សៀវភៅភាសាខ្មែរ Footprints International School Library Network Toul Tom Poung Campus Footprints International School Library Network Toul Tom Poung Campus TTP Secondary Khmer Bookshelves 03/17/2025   SOK PZ7 200 FISSE01510 05/20/2025 2 03/17/2025 Books